| 000 | 00926nam a22002537a 4500 | ||
|---|---|---|---|
| 005 | 20170124103055.0 | ||
| 010 | _aB-013783 | ||
| 020 | _c140.00 | ||
| 035 | _aB-013783 | ||
| 037 | _bCen Lib/Ret | ||
| 040 |
_aDPL _bHN |
||
| 082 |
_aक _bनीरज |
||
| 100 |
_aनीरज सिंह _971742 |
||
| 245 |
_aअपनों के बीच / _cनीरज सिंह |
||
| 246 |
_aApnon ke beech / _bby Niraj Singh |
||
| 260 |
_aदिल्ली _bग्रन्थलोक _c2000 |
||
| 270 |
_a1/10817, गली-3, सुभाष पार्क नवीन शाहदरा _bदिल्ली _e110032 |
||
| 300 |
_a140पृ. _c21सेमी (सजिल्द) |
||
| 650 |
_aहिन्दी साहित्य _971743 |
||
| 650 |
_aकहानियां _971744 |
||
| 650 |
_aHindi literature _971745 |
||
| 650 |
_aStories _97500 |
||
| 942 |
_2ddc _cHN _hक _mनीरज |
||
| 999 |
_c117404 _d117404 |
||